| 000 | 01157nam a2200229Ia 4500 | ||
|---|---|---|---|
| 003 | Ost | ||
| 005 | 20260507074908.0 | ||
| 008 | 260507s9999||||xx |||||||||||||| ||und|| | ||
| 020 | _a9970236191 | ||
| 040 | _cfsecg | ||
| 041 | _aara | ||
| 082 | _a658.8 | ||
| 100 |
_aكوتلر، فيليب _eمؤلف |
||
| 245 | 0 |
_aأساسيات التسويق / _c فيليب كوتلر |
|
| 260 |
_aالرياض: _bدار المريخ للنشر, _c1998 |
||
| 300 |
_a670 صفحة؛ _bإيضاحات ؛ _c28 سم |
||
| 520 | _aرياضيات التسويق، العمل الوظيفي في التسويق، تسعير المنتجات، قنوات التسويق وسلوك المشتري، تجارة التجزئة وتجارة الجملة، أسواق الأعمال، استراتيجية التسويق وتحديد الموقع، بناء العلاقات الصحيحة مع العملاء الصححين، استراتيجيات المنتج والخدمات والعلاقة التجارية | ||
| 653 | _aأدارة المبيعات | ||
| 653 | _aالتسويق | ||
| 700 |
_aأرمسترونج، جاري _eمؤلف ثانوي |
||
| 942 | _cكتاب | ||
| 999 |
_c41713 _d41713 |
||